El Salvador: formación social y proceso de liberación

Revisa el proceso de desarrollo de la economía salvadoreña entre 1880 y 1980 y su repercusión en la estructura social - Examina los modelos de acumulación de capital que se dan en el país en el periodo estudiado. Parte, para ello, de la configuración de la matriz agroexportadora (génesis del capital...

Ausführliche Beschreibung

Gespeichert in:
Bibliographische Detailangaben
Körperschaft: Asociación General de Estudiantes Universitarios Salvadoreños
Format: Text
Veröffentlicht: San Salvador: AGEUS
Tags: Tag hinzufügen
Keine Tags, Fügen Sie den ersten Tag hinzu!

MARC

LEADER 00000 a a2200000 04500
001 20655
003
040
090 |a 087401  
110 |a Asociación General de Estudiantes Universitarios Salvadoreños  
245 |a El Salvador: formación social y proceso de liberación  
260 |a San Salvador:   |b AGEUS  
300 |a 33 p.  
520 |a Revisa el proceso de desarrollo de la economía salvadoreña entre 1880 y 1980 y su repercusión en la estructura social - Examina los modelos de acumulación de capital que se dan en el país en el periodo estudiado. Parte, para ello, de la configuración de la matriz agroexportadora (génesis del capitalismo 1880-1920) y señala ñas semejanzas y diferencias con el resto de los países centroamericanos. Señala los intentos entre 1911 y 1931, de diversificación de la economía por parte de una "burguesía emergente" y la República de la "oligarquía" que se consolida a partir de 1932, tras la crisis capitalista y la represión de 1932. Hace referencia al proceso de diversificación del MCCA y la crisis actual  
999 |c 14595  |d 14595